|
|
|
|
| LEADER |
00000naa2a2200000 4500 |
| 001 |
628861 |
| 005 |
20240227162822.0 |
| 035 |
|
|
|a (RuTPU)RU\TPU\conf\29188
|
| 035 |
|
|
|a RU\TPU\conf\29170
|
| 090 |
|
|
|a 628861
|
| 100 |
|
|
|a 20181221d2018 k y0rusy50 ba
|
| 101 |
0 |
|
|a eng
|
| 102 |
|
|
|a RU
|
| 105 |
|
|
|a y z 101zy
|
| 135 |
|
|
|a drgn ---uucaa
|
| 181 |
|
0 |
|a i
|
| 182 |
|
0 |
|a b
|
| 200 |
1 |
|
|a Influence of hydroxyapatite filling degree on mechanical properties of 3D-printed poly(l-lactic acid)-based implantable material1
|f G. Dubinenko [et al.]
|
| 203 |
|
|
|a Текст
|c электронный
|
| 300 |
|
|
|a Заглавие с экрана
|
| 320 |
|
|
|a [Библиогр.: с. 22 (3 назв.)]
|
| 463 |
|
0 |
|0 (RuTPU)RU\TPU\conf\29147
|t Междисциплинарные проблемы аддитивных технологий
|o сборник тезисов IV Всероссийского научного семинара с международным участием, 29-31 октября 2018, Томск
|f Национальный исследовательский Томский политехнический университет (ТПУ) ; под ред. А. Г. Князевой
|v [С. 21-22]
|d 2018
|
| 610 |
1 |
|
|a электронный ресурс
|
| 610 |
1 |
|
|a труды учёных ТПУ
|
| 610 |
1 |
|
|a гидроксиапатиты
|
| 610 |
1 |
|
|a механические свойства
|
| 610 |
1 |
|
|a 3D-печать
|
| 610 |
1 |
|
|a полимолочная кислота
|
| 610 |
1 |
|
|a биоразлагаемые материалы
|
| 610 |
1 |
|
|a остеосинтез
|
| 610 |
1 |
|
|a имплантанты
|
| 610 |
1 |
|
|a ортопедия
|
| 610 |
1 |
|
|a биологические материалы
|
| 701 |
|
1 |
|a Dubinenko
|b G. E.
|c Specialist in the field of material science
|c Engineer of Tomsk Polytechnic University
|f 1992-
|g Gleb Evgenjevich
|3 (RuTPU)RU\TPU\pers\42578
|9 21551
|
| 701 |
|
1 |
|a Zinovyev (Zinovjev, Zinoviev)
|b A. L.
|c Chemist
|c Junior Researcher Tomsk Polytechnic University
|f 1992-
|g Alexey Leonidovich
|3 (RuTPU)RU\TPU\pers\42081
|9 21475
|
| 701 |
|
1 |
|a Bolbasov
|b E. N.
|c physicist
|c Senior Researcher at Tomsk Polytechnic University, Candidate of Technical Sciences
|f 1981-
|g Evgeny Nikolaevich
|y Tomsk
|3 (RuTPU)RU\TPU\pers\30857
|9 15103
|
| 701 |
|
1 |
|a Novikov
|b V. T.
|c chemist
|c Associate Professor of Tomsk Polytechnic University, Candidate of chemical sciences
|f 1946-
|g Viktor Timofeevich
|3 (RuTPU)RU\TPU\pers\31286
|9 15464
|
| 701 |
|
1 |
|a Tverdokhlebov
|b S. I.
|c physicist
|c Associate Professor of Tomsk Polytechnic University, Candidate of physical and mathematical science
|f 1961-
|g Sergei Ivanovich
|3 (RuTPU)RU\TPU\pers\30855
|9 15101
|
| 712 |
0 |
2 |
|a Национальный исследовательский Томский политехнический университет
|b Инженерная школа ядерных технологий
|b Лаборатория плазменных гибридных систем
|3 (RuTPU)RU\TPU\col\23381
|
| 801 |
|
2 |
|a RU
|b 63413507
|c 20181222
|g RCR
|
| 856 |
4 |
|
|u http://earchive.tpu.ru/handle/11683/52235
|
| 942 |
|
|
|c BK
|